000 00566nam a2200217 a 4500
001 37224
003 Mx-PuUPA
005 20231121162700.0
008 140415s1995 000 0 spa d
020 _a968261273X
040 _cMx-PuUPA
041 _aspa
082 _a658.802
_bMAG
100 1 _aMAGRATH, ALLAN J.
245 1 0 _aCOMO LOGRAR EL DEFECTO CERO EN LA MERCADOTECNIA.
260 _a[s.l.] :
_bCOMPAÑIA EDITORIAL CONTINENTAL,
_c1995.
300 _a203.
650 1 4 _aMERCADOTECNIA
_xVENTAS
700 1 _aHASS G., ROBERTO A.
_etr.
942 _2ddc
_cLI
999 _c37224
_d37224